<?xml version="1.0" encoding="UTF-8"?>
<resp>
  <nextPage>https://data.bn.org.pl/api/networks/bibs.marcxml?marc=001+b00001150003226&amp;sinceId=1150003227</nextPage>
  <collection>
    <record xmlns='http://www.loc.gov/MARC21/slim'><leader>01048namZa2200325ZiZ4500</leader><controlfield tag='001'>b00001150003226</controlfield><controlfield tag='005'>20260404091807.7</controlfield><controlfield tag='008'>230609s        pl           |000 0 pol c</controlfield><controlfield tag='009'>9913261748805606</controlfield><datafield ind1=' ' ind2=' ' tag='020'><subfield code='a'>837070316X</subfield></datafield><datafield ind1=' ' ind2=' ' tag='035'><subfield code='a'>KR_1KR_1_20120317230235071994-48omnis_kr</subfield></datafield><datafield ind1=' ' ind2=' ' tag='035'><subfield code='a'>KR_1_20120317230235071994</subfield><subfield code='9'>ExL</subfield></datafield><datafield ind1=' ' ind2=' ' tag='035'><subfield code='a'>(PL)b00001150003226</subfield></datafield><datafield ind1=' ' ind2=' ' tag='040'><subfield code='a'>KR_1</subfield><subfield code='c'>KR_1</subfield></datafield><datafield ind1='1' ind2=' ' tag='041'><subfield code='a'>pol</subfield><subfield code='h'>eng</subfield></datafield><datafield ind1='1' ind2=' ' tag='100'><subfield code='a'>Winters, Rebecca</subfield></datafield><datafield ind1='1' ind2='0' tag='245'><subfield code='a'>Ślubna bransoletka /</subfield><subfield code='c'>Rebecca Winters ; [przekł. Pamela Haska].</subfield></datafield><datafield ind1=' ' ind2=' ' tag='260'><subfield code='a'>Toronto ;</subfield><subfield code='a'>Warszawa [i in.] :</subfield><subfield code='b'>&quot;Arlekin&quot; - Wydaw. Harlequin Enterprises,</subfield><subfield code='c'>1993.</subfield></datafield><datafield ind1=' ' ind2=' ' tag='300'><subfield code='a'>153 s. ;</subfield><subfield code='c'>18 cm.</subfield></datafield><datafield ind1='1' ind2=' ' tag='490'><subfield code='a'>Harlequin Romance ;</subfield><subfield code='v'>117</subfield></datafield><datafield ind1=' ' ind2=' ' tag='500'><subfield code='a'>p</subfield></datafield><datafield ind1=' ' ind2='9' tag='650'><subfield code='a'>Powieść amerykańska</subfield><subfield code='y'>20 w.</subfield></datafield><datafield ind1='1' ind2=' ' tag='700'><subfield code='a'>Haska, Pamela</subfield><subfield code='e'>Tł.</subfield></datafield><datafield ind1=' ' ind2=' ' tag='852'><subfield code='b'>48OMNIS_NETWORK</subfield><subfield code='8'>9913261748805606</subfield></datafield><datafield ind1=' ' ind2=' ' tag='852'><subfield code='b'>48OMNIS_TL</subfield><subfield code='8'>991000404319608218</subfield></datafield><datafield ind1=' ' ind2=' ' tag='852'><subfield code='8'>226431250008218</subfield><subfield code='j'>1</subfield><subfield code='b'>TL_4_1</subfield><subfield code='p'>016802WD</subfield><subfield code='c'>TL_4_1_1</subfield></datafield><datafield ind1=' ' ind2=' ' tag='920'><subfield code='a'>83-7070-316-X</subfield></datafield></record>
  </collection>
</resp>
